| 000 | 01247cam a2200337 a 4500 | ||
|---|---|---|---|
| 090 | _c0 | ||
| 001 | 2153449 | ||
| 005 | 20000612150311.0 | ||
| 008 | 980922s1998 ilua bd 000 0 eng d | ||
| 010 | _a 98218559 | ||
| 020 | _a0814404456 | ||
| 035 | _a(OCoLC)39908472 | ||
| 040 |
_aMiFliB _cMiFliB _dDLC |
||
| 042 | _alccopycat | ||
| 050 | 0 | 4 |
_aHD62.4 _b.S524 1998 |
| 082 | 0 | 0 |
_a658.04903 _221 _bSHI |
| 100 | 1 | _aShim, Jae K. | |
| 245 | 1 | 4 |
_aThe dictionary of international business terms / _cJae K. Shim, Joel G. Siegel, Marc H. Levine. |
| 246 | 3 | 0 | _aInternational business terms |
| 260 |
_aChicago : _bGlenlake Publ. Co. ; _aNew York : _bAMACOM, _cc1998. |
||
| 300 |
_a317 p. : _bill. ; _c24 cm. |
||
| 504 | _aIncludes bibliographical references (p. 303-304). | ||
| 650 | 0 |
_aInternational business enterprises _xManagement _xDictionaries. |
|
| 650 | 0 |
_aInternational trade _xDictionaries. |
|
| 700 | 1 | _aSiegel, Joel G. | |
| 700 | 1 | _aLevine, Marc H. | |
| 942 |
_2ddc _cBB |
||
| 999 |
_c10556 _d10556 |
||